000 01126nam a2200289Ia 4500
003 PE SENCICO BE
005 20251020182439.0
008 200515s9999 xx 000 0 und d
020 _a84-329-2914-X
040 _aPE SENCICO BE
_cPE SENCICO BE
041 _aspa
082 _a526.9
_bZ94 1979
100 _aZurita Ruiz, José
_eautor
245 1 0 _aTopografía práctica para el constructor /
_cJosé Zurita Ruíz
250 _a18a ed.
260 _aBarcelona :
_bEdiciones CEAC,
_c1979
300 _a184 páginas :
_btablas, gráficos,
_c22 cm.
490 _aMonografías CEAC de construcción
505 0 _aMediciones planimétricas -- Altimetría -- Taquimetría -- Movimiento de tierras -- Replanteos -- Mediciones de obras
520 3 _aEstudio completo sobre la topografía y sus partes principales: Planimetría y Altimetría. Trae también como apéndice el nomenclator de topografía, fórmulas y tablas.
650 1 0 _aTopografía
_94
650 2 0 _aAltimetría
_93228
650 2 0 _aNivelación de terrenos
_93229
650 2 0 _aPlanimetría
_91232
650 2 0 _aTaquimetría
_9912
942 _cLIB
_2ddc
999 _c493
_d493